[Event "Boynton Mini-Swiss (May)"]
[Site "Detroit, Mich."]
[Date "1992.05.16"]
[Round "2"]
[White "Walker, Leroy"]
[Black "Moody, David"]
[Result "1-0"]
[WhiteElo "1630"]
[BlackElo "2004"]
[PlyCount "125"]
[EventDate "1992.05.16"]

1. e4 e5 2. Nf3 Nc6 3. Bb5 a6 4. Bxc6 dxc6 5. d4 exd4 6. Qxd4 Qxd4 7. Nxd4 Bd6
8. Nc3 Ne7 9. f4 Ng6 10. e5 Bc5 11. Nb3 Bb4 12. O-O Bxc3 13. bxc3 Bf5 14. Nd4
Be4 15. Ba3 O-O-O 16. Rae1 Bd5 17. f5 Nf8 18. Bxf8 Rhxf8 19. a3 c5 20. Nb3 b6
21. Rf2 g6 22. f6 Rfe8 23. g4 Rd6 24. Nc1 Rde6 25. Rfe2 Bf3 26. Re3 Bxg4 27.
Nd3 Bf5 28. Nf4 Rc6 29. Nd5 Kb7 30. Ne7 Re6 31. Nxf5 gxf5 32. Kf2 Kc6 33. a4
Kd5 34. Rd3+ Kc6 35. Rde3 Kd5 36. Rd3+ Kc6 37. Rde3 b5 38. Kf3 bxa4 39. c4 Kb6
40. Rb1+ Ka5 41. Kf4 Rb6 42. Ra1 Kb4 43. Kxf5 Kxc4 44. Rxa4+ Kb5 45. Rh4 Rh8
46. Reh3 a5 47. Rxh7 Rxh7 48. Rxh7 a4 49. Rxf7 a3 50. Rg7 Kc6 51. Rg1 Kd7 52.
Rg7+ Kc6 53. f7 a2 54. f8=Q a1=Q 55. Rg6+ Kb7 56. Rxb6+ cxb6 57. Qf7+ Ka6 58.
Qc4+ Ka5 59. e6 Qg1 60. e7 Qf2+ 61. Ke6 Qe3+ 62. Kd7 Qd2+ 63. Qd3 1-0

[Event "Boynton Mini-Swiss (May)"]
[Site "Detroit, Mich."]
[Date "1992.05.16"]
[Round "3"]
[White "Nixon, Peter"]
[Black "Moody, David"]
[Result "0-1"]
[WhiteElo "1500"]
[BlackElo "2004"]
[PlyCount "48"]
[EventDate "1992.05.16"]

1. e4 e5 2. Nf3 Nc6 3. Bb5 a6 4. Ba4 Nf6 5. O-O Be7 6. c3 Nxe4 7. Re1 d5 8. d3
Nf6 9. Nxe5 Bd7 10. Nxc6 bxc6 11. Qe2 Kf8 12. Bg5 h6 13. Bh4 g5 14. Bg3 Kg7 15.
Bxc7 Qxc7 16. Nd2 Bd6 17. h3 Rhe8 18. Qd1 Rxe1+ 19. Qxe1 Nh5 20. Qe2 Nf4 21.
Qf3 Re8 22. Nf1 Qc8 23. Bc2 g4 24. hxg4 Bxg4 0-1

[Event "Boynton Mini-Swiss (May)"]
[Site "Detroit, Mich."]
[Date "1992.05.16"]
[Round "1"]
[White "Moody, David"]
[Black "Thompson, Dexter"]
[Result "0-1"]
[WhiteElo "2004"]
[BlackElo "2303"]
[PlyCount "64"]
[EventDate "1992.05.16"]

1. e4 e5 2. Nf3 Nc6 3. d4 exd4 4. Bc4 Nf6 5. O-O Nxe4 6. Re1 d5 7. Nc3 dxc4 8.
Rxe4+ Be7 9. Nxd4 f5 10. Bh6 O-O 11. Nxc6 bxc6 12. Rd4 Qe8 13. Bf4 Bf6 14. Rxc4
Be6 15. Ra4 Rb8 16. Rxa7 Rxb2 17. Na4 Rb4 18. Bxc7 Bxa1 19. Qxa1 Rf7 20. Nc5
Bd5 21. Qc1 Rxc7 22. Rxc7 Qb8 23. Rxg7+ Kh8 24. Rb7 Rxb7 25. Nxb7 Qxb7 26. Qa1+
Kg8 27. h4 Qg7 28. Qxg7+ Kxg7 29. f3 Bxa2 30. Kf2 Kf6 31. Ke3 Ke5 32. g4 f4+
0-1

[Event "Boynton Mini-Swiss.1"]
[Site "Detroit, MI"]
[Date "1992.05.16"]
[Round "3"]
[White "Finegold, Mark"]
[Black "Thompson, Dexter"]
[Result "1-0"]
[WhiteElo "2257"]
[BlackElo "2285"]
[Annotator "Mark Finegold"]
[PlyCount "151"]
[EventDate "1992.05.16"]

{Spanish: Closed (Anti-Marshall)} 1. e4 e5 2. Nf3 Nc6 3. Bb5 a6 4. Ba4 Nf6 5.
O-O b5 6. Bb3 Be7 7. Re1 O-O 8. a4 ({White avoids the Marshall Gambit. I
thought about defending against it, since I had seen Thompson try the inferior
line} 8. c3 d5 9. exd5 e4 $6 {a few times. But I had no real preparation
against the main lines.}) 8... Bb7 9. d3 d6 10. c3 Na5 11. Bc2 c5 12. Nbd2 b4 {
I'm not really sure what White is supposed to do after 8.a4. In any event,
what follows is a quick simplification to an endgame and a lot of maneuvering,
which suited me since I could not match Thompson's sight of the board.} 13.
cxb4 cxb4 14. Nc4 Rc8 15. b3 Ne8 16. Be3 Nxc4 17. dxc4 a5 18. Qe2 Nf6 19. Bg5
Nh5 20. Qd2 Bxg5 21. Qxg5 Nf4 22. Qxd8 Rfxd8 23. Rad1 f6 24. Bb1 Kf8 25. Nd2
Ne6 26. Nf1 Nc5 27. Re3 g6 28. Bc2 Ke7 29. f3 Rf8 30. Re2 Ne6 31. Red2 Nd4 32.
Ng3 d5 {Black exploits a tactic to get rid of his backward pawn. The game is
about even.} 33. exd5 Bxd5 34. Re1 Be6 35. Bd1 Rfd8 36. Kf2 Rc7 37. Ne2 Nf5 $6
({Passive. Better is} 37... Rcd7) 38. Rxd8 Kxd8 39. g4 Ne7 40. Ng3 Nc6 41. f4
exf4 $2 ({A serious error. Black should prefer a more solid move like} 41...
Rd7) ({or} 41... Ke7) 42. Rxe6 fxg3+ 43. hxg3 {I wanted to keep my king close
to the center, but maybe it was more important not to damage my pawn structure.
} Kd7 {An odd move, after which Black is a pawn down for nothing.} 44. Rxf6 Ke7
45. g5 Nd4 46. Ra6 Rc5 47. Ke3 Ne6 48. Bf3 Re5+ 49. Kf2 Nc5 50. Ra7+ Kd6 51.
Bd1 (51. Bd1 {Black has activated his pieces after some ineffectual moves on
my part. Now} Ne4+ {looks reasonable.}) 51... Rf5+ 52. Ke3 Rxg5 53. Rxa5 Rxg3+
54. Bf3 (54. Bf3 {As often happens, I have lost the thread and given back
extra material. Now Black could just try} h5 $1 {and advance his connected
passed pawns.}) 54... Nxb3 55. Rd5+ Ke6 $4 {This blunder loses immediately.} ({
Correct was} 55... Ke7 {, avoiding the fork on g4, and my feeling is that it
should dissolve into a draw eventually.}) 56. Kf2 $1 {Trapping the rook
because of Bg4+. It's all over.} Rxf3+ 57. Kxf3 Nc1 58. a5 b3 59. Rb5 Nd3 60.
Rxb3 Nc5 61. a6 Nxb3 62. a7 Nd2+ 63. Ke2 Nxc4 64. a8=Q {I was expecting
resignation hereabouts, but it's true that I never devoted any study to the
ending of Q v. N (or Q v. N + P, for that matter). Perhaps I would lose the
thread as we approached the end of sudden death....} Nd6 65. Qg8+ Kf6 66. Qxh7
Nf5 67. Kf3 Ng7 68. Kg4 Ne6 69. Qh8+ {First mistake!} ({Faster is} 69. Qg8)
69... Kf7 70. Kf3 Ke7 71. Ke4 Ng5+ 72. Kd5 ({Avoiding the slightly less
accurate} 72. Ke5) 72... Kf7 73. Qe5 Nh7 74. Qc7+ Kg8 75. Ke6 Kh8 76. Kf7 1-0

[Event "Lansing May Mini-Swiss.2"]
[Site "?"]
[Date "1992.05.17"]
[Round "2"]
[White "Decker, Dale"]
[Black "Aldrich, Jeff"]
[Result "1-0"]
[WhiteElo "1800"]
[BlackElo "1962"]
[PlyCount "57"]
[EventDate "1992.??.??"]

1. e4 c6 2. c4 e5 3. Nf3 d6 4. Be2 Nf6 5. Nc3 Nbd7 6. O-O Be7 7. d3 O-O 8. Ne1
Nc5 9. f4 exf4 10. Bxf4 Be6 11. Be3 d5 12. cxd5 cxd5 13. Bxc5 Bxc5+ 14. d4 Bb6
15. e5 Ne8 16. Kh1 f6 17. Nf3 Qe7 18. Bd3 Kh8 19. Bc2 Rd8 20. Qd3 Bg8 21. Rae1
Nc7 22. exf6 Qxf6 23. Ne5 Qh4 24. Nf3 Qh6 25. Re7 Rde8 26. Rxe8 Rxe8 27. Ne5
Qh4 28. g3 Qxd4 29. Nf7+ 1-0

[Event "Lansing May Mini-Swiss.2"]
[Site "?"]
[Date "1992.05.17"]
[Round "1"]
[White "Aldrich, Jeff"]
[Black "Rostrom, Richard"]
[Result "1-0"]
[WhiteElo "1962"]
[BlackElo "1733"]
[PlyCount "49"]
[EventDate "1992.??.??"]

1. d4 Nf6 2. c4 g6 3. Nc3 Bg7 4. e4 d6 5. f4 e5 6. dxe5 dxe5 7. Qxd8+ Kxd8 8.
fxe5 Ng4 9. Bg5+ Ke8 10. Rd1 Nc6 11. Nd5 Bxe5 12. Nf3 Kf8 13. Nxe5 Ncxe5 14. h3
h6 15. Be7+ Kg7 16. hxg4 Bxg4 17. Bf6+ Kh7 18. Bxh8 Rxh8 19. Nf6+ Kg7 20. Nxg4
Nxg4 21. Be2 Ne3 22. Rd7 Nxg2+ 23. Kd2 c5 24. Rf1 Re8 25. Rfxf7+ 1-0

[Event "Lansing May Mini-Swiss.2"]
[Site "?"]
[Date "1992.05.17"]
[Round "3"]
[White "Aldrich, Jeff"]
[Black "Imai, Toshio"]
[Result "1-0"]
[WhiteElo "1962"]
[BlackElo "1715"]
[PlyCount "55"]
[EventDate "1992.??.??"]

1. d4 Nf6 2. c4 e5 3. dxe5 Ng4 4. Nf3 Bc5 5. e3 Nc6 6. Bd2 Ngxe5 7. Nxe5 Nxe5
8. Bc3 f6 9. Bxe5 fxe5 10. Qh5+ Kf8 11. Qxe5 d6 12. Qf4+ Ke8 13. Be2 Qe7 14.
Bf3 c6 15. O-O Be6 16. Nd2 g5 17. Bh5+ Kd7 18. Qe4 Qf6 19. Nf3 Bf5 20. Bg4 Bxg4
21. Qxg4+ Kc7 22. Qxg5 Qf7 23. a3 a6 24. b4 Bb6 25. c5 Rag8 26. cxb6+ Kxb6 27.
Qf4 Qh5 28. Rfd1 1-0

[Event "Boynton Action Grand Prix (June)"]
[Site "Detroit, Mich."]
[Date "1992.06.27"]
[Round "2"]
[White "Reeves, Andre"]
[Black "Moody, David"]
[Result "0-1"]
[WhiteElo "1383"]
[BlackElo "2007"]
[PlyCount "28"]
[EventDate "1992.06.27"]

1. e4 e5 2. Nc3 Nf6 3. f4 d5 4. fxe5 Nxe4 5. d3 Nxc3 6. bxc3 Nc6 7. Nf3 d4 8.
cxd4 Nxd4 9. Bb2 Nxf3+ 10. Qxf3 Qh4+ 11. Kd2 Qb4+ 12. Bc3 Qb6 13. Be2 Bb4 14.
Rhb1 Qh6+ 0-1

[Event "Boynton Action Grand Prix (June)"]
[Site "Detroit, Mich."]
[Date "1992.06.27"]
[Round "6"]
[White "Moody, David"]
[Black "Vaughn, Gerald"]
[Result "1-0"]
[WhiteElo "2007"]
[BlackElo "1472"]
[PlyCount "69"]
[EventDate "1992.06.27"]

1. e4 c5 2. d4 cxd4 3. c3 d6 4. cxd4 e6 5. Nf3 h6 6. Nc3 Nc6 7. Bc4 a6 8. Bf4
b5 9. Bb3 Na5 10. Bc2 b4 11. Ne2 Bd7 12. O-O Nf6 13. Ng3 Be7 14. Qd2 Rb8 15. b3
Nc6 16. Rfd1 a5 17. h3 Rb6 18. Rac1 g5 19. Be3 d5 20. e5 Nh7 21. Nh5 f6 22.
Bxh7 Rxh7 23. Qd3 f5 24. g4 Kf7 25. gxf5 exf5 26. Re1 Be6 27. Rc2 Qg8 28. Rec1
g4 29. Rxc6 gxf3+ 30. Ng3 Rxc6 31. Rxc6 Rg7 32. Bf4 h5 33. Kf1 h4 34. Rxe6 Kxe6
35. Qxf5# 1-0

[Event "Boynton Action Grand Prix (June)"]
[Site "Detroit, Mich."]
[Date "1992.06.27"]
[Round "1"]
[White "Moody, David"]
[Black "Khraizat, Ali"]
[Result "1-0"]
[WhiteElo "2007"]
[BlackElo "1126"]
[PlyCount "61"]
[EventDate "1992.06.27"]

1. e4 e5 2. Nf3 Nc6 3. d4 f6 4. dxe5 fxe5 5. Bc4 Nf6 6. Ng5 Qe7 7. Bf7+ Kd8 8.
Ne6+ Qxe6 9. Bxe6 Bc5 10. Bg5 Rf8 11. Nc3 h6 12. Bxf6+ Rxf6 13. Bf5 g6 14. Nd5
Rf8 15. Bxg6 Rxf2 16. Qh5 d6 17. Qh4+ Kd7 18. Bf5+ Ke8 19. Nxc7+ Kf8 20. Qf6+
Kg8 21. Ne8 Rxg2 22. Bg6 Bf2+ 23. Kf1 Rxg6 24. Qxg6+ Kf8 25. Nxd6 Be6 26. Qf6+
Kg8 27. Qxe6+ Kg7 28. Qf7+ Kh8 29. Nf5 Rg8 30. Qf6+ Kh7 31. Qxh6# 1-0

[Event "Boynton Action Grand Prix (June)"]
[Site "Detroit, Mich."]
[Date "1992.06.27"]
[Round "3"]
[White "Moody, David"]
[Black "Finegold, Mark"]
[Result "0-1"]
[WhiteElo "2007"]
[BlackElo "2257"]
[PlyCount "62"]
[EventDate "1992.06.27"]

1. e4 c5 2. Nf3 Nc6 3. d4 cxd4 4. Nxd4 Nf6 5. Nc3 e5 6. Ndb5 d6 7. Nd5 Nxd5 8.
exd5 Ne7 9. c3 Nf5 10. Qa4 Bd7 11. Bd3 a6 12. Bxf5 Bxb5 13. Qb4 g6 14. Bc2 Qc7
15. a4 Bc4 16. Bb3 Bxb3 17. Qxb3 Bg7 18. Be3 Rc8 19. O-O O-O 20. Rfc1 f5 21. a5
Qf7 22. Ra4 f4 23. Bb6 f3 24. c4 Qf4 25. Rc3 e4 26. Re3 Qg4 27. Kf1 Qxg2+ 28.
Ke1 Qg1+ 29. Kd2 Qxf2+ 30. Kd1 Bh6 31. Rd3 Qe2# 0-1

[Event "Boynton Action Grand Prix (June)"]
[Site "Detroit, Mich."]
[Date "1992.06.27"]
[Round "4"]
[White "McGrath, Mike"]
[Black "Moody, David"]
[Result "0-1"]
[WhiteElo "1453"]
[BlackElo "2007"]
[PlyCount "23"]
[EventDate "1992.06.27"]

1. e4 e5 2. Nf3 Nc6 3. d4 exd4 4. Bc4 Nf6 5. O-O Nxe4 6. Re1 d5 7. Bxd5 Qxd5 8.
Nc3 Qa5 9. Nxe4 Be7 10. Nf6+ gxf6 11. Nxd4 Nxd4 12. Qxd4 0-1

[Event "Boynton Action Grand Prix (June)"]
[Site "Detroit, Mich."]
[Date "1992.06.27"]
[Round "5"]
[White "Allen, David"]
[Black "Moody, David"]
[Result "1-0"]
[WhiteElo "2220"]
[BlackElo "2007"]
[PlyCount "79"]
[EventDate "1992.06.27"]

1. d4 Nf6 2. Nf3 e6 3. Bg5 d5 4. Nbd2 Be7 5. e3 Nbd7 6. Bd3 O-O 7. c3 c5 8. Ne5
cxd4 9. exd4 Nxe5 10. dxe5 Nd7 11. Bf4 f6 12. exf6 Nxf6 13. O-O Bd6 14. Bxd6
Qxd6 15. c4 Bd7 16. Qe2 e5 17. cxd5 Nxd5 18. Ne4 Qe7 19. Bc4 Be6 20. Ng3 Nf4
21. Qxe5 Rac8 22. Bxe6+ Qxe6 23. Qxe6+ Nxe6 24. Rac1 Nc5 25. Rc3 Na4 26. Rb3
Rc2 27. Rxb7 Nxb2 28. Rxa7 Nd3 29. Ne4 Rb8 30. h3 Rbb2 31. Rd1 Rc1 32. Rxc1
Nxc1 33. a4 h5 34. a5 Nd3 35. a6 Re2 36. Ng5 Re1+ 37. Kh2 Kf8 38. Ra8+ Ke7 39.
a7 h4 40. Re8+ 1-0

[Event "Okemos Micro-Swiss (June)"]
[Site "Okemos, Mich."]
[Date "1992.06.28"]
[Round "2"]
[White "Schoonmaker, John"]
[Black "Moody, David"]
[Result "0-1"]
[WhiteElo "2001"]
[BlackElo "2007"]
[PlyCount "58"]
[EventDate "1992.06.28"]

1. d4 Nf6 2. Nf3 c5 3. e3 d5 4. c3 Nc6 5. Bd3 Bg4 6. Nbd2 e5 7. dxe5 Nxe5 8.
Bb5+ Nc6 9. h3 Bh5 10. Qa4 Qc7 11. O-O Bd6 12. Re1 O-O 13. e4 Bxf3 14. Nxf3
Nxe4 15. c4 Nxf2 16. cxd5 Nb4 17. Kxf2 Bg3+ 18. Kg1 Bxe1 19. Nxe1 Qe5 20. Nf3
Qxd5 21. Bd2 a6 22. Bf1 b5 23. Qb3 Qxb3 24. axb3 Rfd8 25. Be3 Nc2 26. Re1 Nxe1
27. Nxe1 Rd1 28. Nc2 Rb1 29. Bxc5 Rc1 0-1

[Event "Okemos Micro-Swiss (June)"]
[Site "Okemos, Mich."]
[Date "1992.06.28"]
[Round "1"]
[White "Moody, David"]
[Black "Ford, William"]
[Result "1/2-1/2"]
[WhiteElo "2007"]
[BlackElo "1971"]
[PlyCount "91"]
[EventDate "1992.06.28"]

1. e4 e5 2. Nf3 Nf6 3. Bc4 Nc6 4. d4 Nxe4 5. dxe5 Be7 6. Bxf7+ Kxf7 7. Qd5+ Ke8
8. Qxe4 d5 9. exd6 Qxd6 10. Nc3 Qe6 11. O-O Qxe4 12. Nxe4 Bf5 13. Re1 Kf7 14.
Bf4 Rac8 15. Rad1 h6 16. c3 Rhe8 17. Ne5+ Nxe5 18. Bxe5 Bf8 19. Ng3 Be6 20. Nh5
Bg4 21. f3 Bxh5 22. Rd7+ Re7 23. Rxe7+ Bxe7 24. Bxg7 Bc5+ 25. Bd4 Bxd4+ 26.
cxd4 Rd8 27. Rd1 c5 28. d5 Kf6 29. Kf2 Bf7 30. g4 Rxd5 31. Rxd5 Bxd5 32. a3 b5
33. f4 a5 34. h4 Be6 35. g5+ hxg5 36. fxg5+ Kg6 37. Ke3 Bd5 38. Kf4 b4 39. axb4
cxb4 40. Ke5 a4 41. Kd4 a3 42. bxa3 bxa3 43. Kc3 a2 44. Kb2 Kh5 45. Ka1 Kxh4
46. Kb2 1/2-1/2

[Event "U.S. Junior Open U21"]
[Site "?"]
[Date "1992.07.10"]
[Round "1.3"]
[White "Benjamin, Dan"]
[Black "Aldrich, Jeff"]
[Result "1-0"]
[WhiteElo "2266"]
[BlackElo "1962"]
[PlyCount "53"]
[EventDate "1992.??.??"]

1. c4 Nf6 2. Nf3 e6 3. g3 d5 4. Bg2 c6 5. d4 Nbd7 6. Qc2 dxc4 7. Qxc4 Nb6 8.
Qc2 Bd7 9. O-O Rc8 10. Ne5 Nbd5 11. e4 Nb4 12. Qb3 c5 13. Bd2 Qc7 14. Rc1 Nc6
15. Nxc6 Bxc6 16. d5 Bd7 17. Na3 a6 18. Nc4 b5 19. Na5 c4 20. Qf3 Be7 21. b3
exd5 22. exd5 Bg4 23. Qe3 Qd8 24. Bb4 Ng8 25. d6 Qd7 26. dxe7 Nf6 27. Bc6 1-0

[Event "U.S. Junior Open U21"]
[Site "?"]
[Date "1992.07.11"]
[Round "3.4"]
[White "Smith, Eric S"]
[Black "Aldrich, Jeff"]
[Result "1-0"]
[WhiteElo "2113"]
[BlackElo "1962"]
[PlyCount "65"]
[EventDate "1992.??.??"]

1. e4 c6 2. d4 d5 3. e5 Bf5 4. c3 e6 5. Be2 Ne7 6. Nf3 Nd7 7. O-O c5 8. Be3 Nc6
9. Nbd2 Be7 10. Ne1 cxd4 11. cxd4 Qb6 12. Nb3 Rc8 13. Rc1 O-O 14. Nd3 Nb4 15.
Nxb4 Bxb4 16. f4 Rc6 17. a3 Be7 18. Rxc6 Qxc6 19. Nd2 Rc8 20. g4 Bg6 21. Kh1 f5
22. Bd3 Nf8 23. Rg1 fxg4 24. Qxg4 Rc7 25. Bxg6 Nxg6 26. Nf3 b5 27. Rc1 Qd7 28.
Rxc7 Qxc7 29. Qxe6+ Kf8 30. Qxd5 Qc2 31. e6 Bf6 32. f5 Nh4 33. Qd6+ 1-0

[Event "U.S. Junior Open U21"]
[Site "?"]
[Date "1992.07.11"]
[Round "2.8"]
[White "Aldrich, Jeff"]
[Black "Shultz, Robert"]
[Result "1-0"]
[WhiteElo "1962"]
[BlackElo "1589"]
[PlyCount "45"]
[EventDate "1992.??.??"]

1. d4 d5 2. c4 Nc6 3. Nf3 Nf6 4. Nc3 dxc4 5. e3 Bg4 6. Bxc4 e6 7. a3 a6 8. O-O
b5 9. Be2 Bd6 10. Qc2 Ne7 11. e4 Bxf3 12. Bxf3 e5 13. Be3 O-O 14. Rfd1 Qc8 15.
Qe2 c5 16. dxe5 Bxe5 17. Rac1 c4 18. b3 cxb3 19. Nd5 Qe6 20. Nc7 Bxh2+ 21. Kxh2
Qe5+ 22. g3 Rac8 23. Bf4 1-0

[Event "U.S. Junior Open U21"]
[Site "?"]
[Date "1992.07.11"]
[Round "4.6"]
[White "Aldrich, Jeff"]
[Black "Sharma, Arun"]
[Result "1/2-1/2"]
[WhiteElo "1962"]
[BlackElo "2063"]
[PlyCount "123"]
[EventDate "1992.??.??"]

1. d4 d5 2. c4 e6 3. Nc3 Nf6 4. Bg5 Be7 5. Nf3 O-O 6. e3 h6 7. Bh4 b6 8. Be2
Nbd7 9. Rc1 dxc4 10. Bxc4 Bb7 11. O-O Rc8 12. Nd2 c5 13. Ne2 e5 14. Bg3 exd4
15. exd4 a6 16. a4 Nh5 17. Nf4 Nxf4 18. Bxf4 cxd4 19. Nb3 Bc5 20. Qd3 Qf6 21.
Bg3 Ne5 22. Bxe5 Qxe5 23. Nxc5 bxc5 24. Bxa6 Bxa6 25. Qxa6 Rb8 26. Qc4 Rxb2 27.
Qxc5 Qxc5 28. Rxc5 Ra2 29. Rc4 Rd8 30. Rd1 d3 31. Kf1 Rd5 32. Re4 f5 33. Re3
Ra3 34. a5 f4 35. Rf3 g5 36. g3 fxg3 37. fxg3 g4 38. Re3 Kf7 39. Rd2 Kf6 40. a6
Kf5 41. Kg2 h5 42. h4 Rxa6 43. Rexd3 Rxd3 44. Rxd3 Ra2+ 45. Kf1 Ke4 46. Rb3 Rd2
47. Rb5 Kf3 48. Rb3+ Ke4 49. Rb5 Ke3 50. Rxh5 Kf3 51. Rf5+ Kxg3 52. h5 Rd6 53.
Rg5 Rf6+ 54. Kg1 Ra6 55. Rf5 Ra1+ 56. Rf1 Ra2 57. Rb1 Rg2+ 58. Kf1 Rh2 59. Rb3+
Kf4 60. Rb4+ Kg5 61. Rb5+ Kh6 62. Kg1 1/2-1/2

[Event "U.S. Junior Open U21"]
[Site "?"]
[Date "1992.07.12"]
[Round "5.6"]
[White "Roshal, Michael"]
[Black "Aldrich, Jeff"]
[Result "1/2-1/2"]
[WhiteElo "1860"]
[BlackElo "1962"]
[PlyCount "100"]
[EventDate "1992.??.??"]

1. e4 c6 2. d4 d5 3. e5 Bf5 4. g4 Be4 5. f3 Bg6 6. Bd3 Bxd3 7. Qxd3 e6 8. h4
Qb6 9. f4 c5 10. c3 Nc6 11. Ne2 Rc8 12. dxc5 Bxc5 13. Nd2 Rd8 14. Nb3 d4 15.
Nxc5 Qxc5 16. Nxd4 Nxd4 17. cxd4 Rxd4 18. Be3 Qd5 19. Qxd4 Qxh1+ 20. Bg1 Ne7
21. O-O-O O-O 22. Bf2 Qc6+ 23. Kb1 Nd5 24. Rc1 Qa6 25. f5 f6 26. fxe6 Qxe6 27.
Re1 fxe5 28. Rxe5 Qg6+ 29. Ka1 Nf6 30. Qc4+ Kh8 31. Rf5 h5 32. Rg5 Qe4 33. Qxe4
Nxe4 34. Rxh5+ Kg8 35. Be1 Rf1 36. a3 Rxe1+ 37. Ka2 Rg1 38. Rb5 b6 39. g5 Kf7
40. Rd5 Ke6 41. Rd8 Rf1 42. Re8+ Kd5 43. Re7 a5 44. Rxg7 Rh1 45. Rh7 Nxg5 46.
Rh5 Kc4 47. Rxg5 Rxh4 48. Rg8 b5 49. Rc8+ Kd5 50. Rb8 Kc6 1/2-1/2

[Event "U.S. Junior Open U21"]
[Site "?"]
[Date "1992.07.12"]
[Round "6.7"]
[White "Aldrich, Jeff"]
[Black "Zagurskie, Tim"]
[Result "1/2-1/2"]
[WhiteElo "1962"]
[BlackElo "1322"]
[PlyCount "52"]
[EventDate "1992.??.??"]

1. d4 Nf6 2. c4 e6 3. Nc3 Bb4 4. e3 b6 5. Nge2 Bb7 6. Qb3 Bxc3+ 7. Nxc3 O-O 8.
Bd2 d6 9. Qc2 Nbd7 10. e4 c5 11. d5 exd5 12. exd5 Ne5 13. Be2 Ba6 14. b3 Re8
15. O-O Bc8 16. Rae1 Nfg4 17. h3 Nh6 18. Bxh6 Qh4 19. f4 Bxh3 20. gxh3 Qg3+ 21.
Kh1 Qxh3+ 22. Kg1 Qg3+ 23. Kh1 Qh3+ 24. Kg1 Qg3+ 25. Kh1 Qh3+ 26. Kg1 Qg3+
1/2-1/2

[Event "Lansing Summer Swiss"]
[Site "?"]
[Date "1992.07.25"]
[Round "3.3"]
[White "Triplett, Thomas"]
[Black "Aldrich, Jeff"]
[Result "1-0"]
[WhiteElo "1923"]
[BlackElo "1962"]
[PlyCount "107"]
[EventDate "1992.??.??"]

1. e4 c6 2. d4 d5 3. Nd2 dxe4 4. Nxe4 Nd7 5. Nf3 Ngf6 6. Bd3 e6 7. O-O Nxe4 8.
Bxe4 Nf6 9. Bg5 Be7 10. Bxf6 Bxf6 11. c3 O-O 12. Qe2 Qc7 13. Ne5 g6 14. f4 Rb8
15. Rf3 c5 16. Rh3 Bxe5 17. dxe5 f5 18. Bd3 Bd7 19. Rg3 Bc6 20. Qh5 Kh8 21. Qg5
Qd8 22. Qh6 Qe7 23. Rxg6 Rg8 24. Rxg8+ Rxg8 25. Bf1 Rg6 26. Qh3 c4 27. Rd1 Bd5
28. Rd4 b5 29. a3 Qg7 30. Rd2 a5 31. Qe3 Rg4 32. Rf2 Qc7 33. Be2 Rg7 34. Bf3
Qc6 35. Bxd5 Qxd5 36. Rd2 Qc6 37. Rd8+ Rg8 38. Rxg8+ Kxg8 39. Qd4 Kf7 40. Kf2
Kg6 41. Kg3 h6 42. Kh3 Qb7 43. Qd8 Qd5 44. Qf6+ Kh7 45. Qf7+ Kh8 46. g3 Qf3 47.
Qg6 h5 48. Qh6+ Kg8 49. Qxe6+ Kh8 50. Qxf5 Qf1+ 51. Kh4 Qg2 52. Qxh5+ Kg7 53.
Kg5 Qc6 54. f5 1-0

[Event "Summer Swiss"]
[Site "Lansing, Mich."]
[Date "1992.07.25"]
[Round "2"]
[White "Robbins, Fred"]
[Black "Moody, David"]
[Result "0-1"]
[WhiteElo "1874"]
[BlackElo "2007"]
[PlyCount "54"]
[EventDate "1992.07.25"]

1. Nf3 f5 2. b3 Nf6 3. Bb2 d6 4. Bxf6 gxf6 5. e3 e5 6. d4 Qe7 7. Nc3 c6 8. Be2
Bh6 9. d5 e4 10. Nd4 c5 11. Bb5+ Kd8 12. Bc4 cxd4 13. Qxd4 Qe5 14. Nb5 Qxd4 15.
Nxd4 f4 16. O-O fxe3 17. Ne6+ Bxe6 18. dxe6 Ke7 19. f4 exf3 20. Rxf3 Nc6 21.
Rh3 Bg5 22. Re1 Nd4 23. c3 Nc6 24. Bd5 Rac8 25. c4 b6 26. a3 Nd4 27. Kf1 Nxb3
0-1

[Event "Summer Swiss"]
[Site "Lansing, Mich."]
[Date "1992.07.25"]
[Round "1"]
[White "Moody, David"]
[Black "Rumsey, Scott"]
[Result "1-0"]
[WhiteElo "2007"]
[BlackElo "1616"]
[PlyCount "39"]
[EventDate "1992.07.25"]

1. e4 e5 2. Nf3 Nc6 3. d4 exd4 4. Bc4 Bb4+ 5. c3 dxc3 6. O-O Nf6 7. a3 Be7 8.
Nxc3 d6 9. b4 Bg4 10. Qb3 O-O 11. Ng5 Ne5 12. Bb2 Nxc4 13. Qxc4 h6 14. Nf3 Be6
15. Qb5 Qc8 16. Rac1 c6 17. Qe2 Nd7 18. Nd5 Bxd5 19. exd5 c5 20. Qxe7 1-0

[Event "Summer Swiss"]
[Site "Lansing, Mich."]
[Date "1992.07.25"]
[Round "3"]
[White "Moody, David"]
[Black "Garrison, Ray"]
[Result "1-0"]
[WhiteElo "2007"]
[BlackElo "1936"]
[PlyCount "39"]
[EventDate "1992.07.25"]

1. e4 c5 2. c3 d5 3. exd5 Qxd5 4. d4 cxd4 5. Nf3 Bg4 6. Be2 Nf6 7. cxd4 Nc6 8.
Nc3 Qd7 9. O-O e6 10. Be3 a6 11. Qb3 Bd6 12. Rfd1 O-O 13. Ne5 Qc7 14. Nxg4 Nxg4
15. Bxg4 Bxh2+ 16. Kh1 h5 17. Bf3 h4 18. d5 exd5 19. Nxd5 Qa5 20. Bb6 1-0

[Event "Lansing Summer Swiss"]
[Site "?"]
[Date "1992.07.25"]
[Round "1.3"]
[White "Carpenter, George"]
[Black "Aldrich, Jeff"]
[Result "0-1"]
[WhiteElo "1544"]
[BlackElo "1962"]
[PlyCount "40"]
[EventDate "1992.??.??"]

1. Nf3 d5 2. g3 Nf6 3. Bg2 c6 4. O-O Nbd7 5. d3 e5 6. Nbd2 Bc5 7. Re1 Bxf2+ 8.
Kxf2 Ng4+ 9. Kg1 Ne3 10. c3 Nxd1 11. Rxd1 O-O 12. e4 Re8 13. d4 Qb6 14. Kh1 Nf6
15. Nxe5 Rxe5 16. dxe5 Ng4 17. Rf1 Nf2+ 18. Kg1 Nh3+ 19. Kh1 Qg1+ 20. Rxg1 Nf2#
0-1

[Event "Lansing Summer Swiss"]
[Site "?"]
[Date "1992.07.25"]
[Round "2.3"]
[White "Aldrich, Jeff"]
[Black "Brown, Dan"]
[Result "1/2-1/2"]
[WhiteElo "1962"]
[BlackElo "1851"]
[PlyCount "101"]
[EventDate "1992.??.??"]

1. d4 Nf6 2. c4 d5 3. Nc3 Nc6 4. Nf3 Bg4 5. e3 e6 6. h3 Bh5 7. Be2 dxc4 8. Qa4
Bd6 9. e4 Nd7 10. Qxc4 Nb6 11. Qd3 h6 12. a3 a6 13. O-O e5 14. Be3 Bxf3 15.
Bxf3 exd4 16. e5 Nxe5 17. Qxd4 Nxf3+ 18. gxf3 O-O 19. Kh1 Qd7 20. Qg4 f5 21.
Qh4 f4 22. Bxb6 cxb6 23. Ne4 Rf5 24. Qg4 Be5 25. Rad1 Qf7 26. Nd6 Bxd6 27. Rxd6
Rg5 28. Qe6 Qxe6 29. Rxe6 Rb5 30. b4 a5 31. Rg1 Kf7 32. Reg6 Rg8 33. Rd6 axb4
34. axb4 Rxb4 35. Rd7+ Ke6 36. Rxb7 g5 37. Rd1 Rg6 38. Rdd7 Rb1+ 39. Kg2 h5 40.
Rh7 h4 41. Rhc7 Kd5 42. Rd7+ Kc5 43. Rbc7+ Kb5 44. Rd5+ Ka4 45. Rc4+ Rb4 46.
Rc1 b5 47. Rd3 Rb3 48. Rd7 Rb2 49. Ra7+ Kb3 50. Rac7 b4 51. Rd1 1/2-1/2

[Event "U.S. Open"]
[Site "Dearborn, Mich."]
[Date "1992.08.02"]
[Round "1"]
[White "Carvell, John"]
[Black "Moody, David"]
[Result "0-1"]
[WhiteElo "1505"]
[BlackElo "2000"]
[PlyCount "58"]
[EventDate "1992.08.02"]

1. e4 e5 2. Nf3 Nc6 3. Bb5 a6 4. Ba4 Nf6 5. O-O Be7 6. Re1 b5 7. Bb3 O-O 8. c3
d5 9. exd5 Nxd5 10. Nxe5 Nxe5 11. Rxe5 c6 12. d4 Bd6 13. Re1 Qh4 14. g3 Qh3 15.
Be3 Bg4 16. Qd3 Rae8 17. Nd2 Re6 18. a4 f5 19. Qf1 Qh5 20. Bxd5 cxd5 21. f4
bxa4 22. Qg2 Rfe8 23. Kf2 g5 24. Nf1 gxf4 25. gxf4 Bxf4 26. Ng3 Bxg3+ 27. Qxg3
Rg6 28. Bf4 Be2 29. Qxg6+ hxg6 0-1